LEADER 01895nam a2200337 u 4500 001 000000076369 003 CaOOAMICUS 005 20070226123213.0 008 031125s1967 fr u000 u fre u 035 $a10977432 040 $aPUL(R)$bita 041 1 $afre$agrc 100 0 $aConstantinus$bVII,$cPorphyrogenitus, imperatore d'Oriente,$d905-959.$0(OLS)http://pul/name/13756 240 10$aDe cerimoniis aulae Byzantinae$9(Constantinus VII, Porphyrogenitus, imperatore d'Oriente, 905-959).$lFrancese e greco.$0(OLS)http://pul/title/100184 245 13$aLe livre des cérémonies /$cConstantin VII Porphyrogénète ; texte établi et traduit par Albert Vogt. 260 $aParis :$bLes Belles Lettres,$c1867. 300 $a2 v. in 4 ;$c21 cm 490 1 $aCollection byzantine 500 $aTesto greco e traduzione francese a fronte. 504 $aBibliografia in nota. 505 0 $aTome I, Livre I, Chapitres 1-46(37). [P.tie I. Texte], [p.tie II.] Commentaire -- Tome II, Livre I, Chapitres 47(38)-92(83). [P.tie I. Texte], [p.tie II.] Commentaire. 700 1 $aVogt, Albert.$0(OLS)http://pul/name/3025 830 0$aCollection byzantine.$0(OLS)http://pul/title/9988 850 $aPUL 852 $aPUL$W1$xDP2 Filosofia 1$y62$m130(1) E 19$j192884$nBK-PRI$b $qStampati$B98123$CPULBib$Z2$F98123 $H28405-28408 $81 852 $aPUL$W1$xDP2 Filosofia 1$y62$m130(1) E 20$j192885$nBK-PRI$b $qStampati$B98124$CPULBib$Z2$F98124 $H28405-28408 $81 852 $aPUL$W1$xDP2 Filosofia 1$y62$m130(1) E 21$j192886$qStampati$B198143$CPULBib$Z2$F198143 $81 852 $aPUL$W1$xDP2 Filosofia 1$y62$m130(1) E 22$j192887$qStampati$B198144$CPULBib$Z2$F198144 $81 941 1 $a8 996 $6245$aLe livre des cérémonies$9(OLS)http://pul/title/100185 996 $6260$aParis :$bLes Belles Lettres$9(OLS)http://pul/publisher/48357 LEADER 01461nam a2200349 a 4500 001 000000173533 003 CaOOAMICUS 005 20200605122720.0 008 200605s2019 it u000 u ita r 020 $a978-88-28-81039-1* 032 $aLibriCat 040 $aPUL$bita 082 $a345.4505 110 1 $aItalia.$0(OLS)http://pul/name/1188 240 10$aCodice di procedura penale.$0(OLS)http://pul/title/135958 245 10$aCodice di procedura penale :$bannotato con la giurisprudenza /$cGiorgio Lattanzi. 250 $a15a ed. 260 $aMilano :$bGiuffrè Francis Lefebvre,$c©2019. 300 $aXLIII, 2891 p. ;$c25 cm 490 1 $aPercorsi 500 $aTesto su due colonne. 630 04$aCodice di procedura penale$zItalia.$0(OLS)http://pul/subject/20312 700 1 $aLattanzi, Giorgio.$0(OLS)http://pul/name/51063 830 0$aPercorsi (Giuffrè).$0(OLS)http://pul/title/132978 850 $aPUL 852 $aPUL$W1$xDP2 Diritto e Scienze Sociali 3$y110$m348. 45 COD 5.49$j197533$qDDC 21$B202318$CPULBib$Z2$F202318 $H134022 $82 941 1 $a9 996 $6020$a978-88-28-81039-1*$9(OLS)http://pul/number/167534 996 $6082$a345.4505$9(OLS)http://pul/classification/385 996 $6245$aCodice di procedura penale :$bannotato con la giurisprudenza$9(OLS)http://pul/title/89470 996 $6260$aMilano :$bGiuffrè Francis Lefebvre$9(OLS)http://pul/publisher/86917